000 00306nam a22001337a 4500
008 170329b xxu||||| |||| 00| 0 eng d
020 _a9780683076400
041 _aeng
080 _a616-053.2
100 _a8
101 _aSHM
245 _aTHE 5 MINUTE PEDIATRIC CONSULT
_cSCHWARTZ,M,W
942 _2udc
_cBK
999 _c8928
_d8928